000 03048cam a22012014i 4500
003 PE-LiUPU
005 20250813185339.0
008 161014s r 000 0 spa d
020 _a6123113623
020 _a9786123113629
035 _a(Sirsi) a164244
040 _aPE-LiUPU
_bspa
_cPE-LiUPU
_dPE-LiUPU
_erda
049 _aPRUA
082 0 4 _a343.8
_bC34
100 1 _aCalderón Castillo, Pedro,
_eautor.
245 1 0 _aDepreciación de activos fijos :
_brequisitos /
_cPedro Castillo Calderón.
264 1 _aLima :
_Gaceta Jurídica,
_c2016.
300 _a47 páginas ;
_c17 centímetros
336 _atext
_2rdacontent
337 _aunmediated
_2rdamedia
338 _avolume
_2rdacarrier
505 0 _aEl fraccionamiento tributario -- Ámbito de aplicación -- Plazos para el acogimiento -- Procedimiento para presentar la solicitud -- Requisitos para su otro otorgamiento -- De las garantías -- Aprobación o denegatoria de la solicitudy desistimiento -- Obligaciones de deudor tributario -- Pérdida del aplazamiento y/o fraccionamiento -- Pronunciamiento de la SUNAT.
526 _aP202
526 _aP201
526 _aP163
526 _aP162
526 _aP161
526 _aP160
526 _aP148
526 _aP147
526 _aP146
526 _aP145
526 _aP144
526 _aP143
526 _aP142
526 _aP141
526 _aP140
526 _aP139
526 _aP138
526 _aP137
526 _aP136
526 _aP135
526 _aP134
526 _aP133
526 _aP129
526 _aP128
526 _aP127
526 _aP120
526 _aP119
526 _aP118
526 _aP116
526 _aP115
526 _aP114
526 _aP110
526 _aP109
526 _aP108
526 _aP104
526 _aP103
526 _aP102
526 _aP99
526 _aP98
526 _aP97
526 _aP96
526 _aP95
526 _aP93
526 _aP90
526 _aP89
526 _aP88
526 _aP83
526 _aP82
526 _aP62
526 _aP59
526 _aP58
526 _aP57
526 _aP51
526 _aP49
526 _aP48
526 _aP47
526 _aP29
526 _aP24
526 _aP20
526 _aP19
526 _aP17
526 _aP15
526 _aP14
526 _aP12
526 _aP10
526 _aP09
526 _aP08
526 _aP07
526 _aP06
526 _aP05
526 _aP04
526 _aP01
650 0 4 _aImpuestos
_zPerú.
650 0 4 _aderecho tributario
_zPerú.
650 0 4 _aRecaudación de impuestos.
942 _2ddc
_cBOOK
994 _aC0
_bPEPRU
596 _a1
999 _a343.8 C34
_wDEWEY
_c13081
_i75254
_d13081
_e2018-8-7
_f2021-11-5
_g6
_lCCODEBUL1
_mBUL
_n2
_p5.00
_q2
_r0
_sY
_tBOOK
_u2016-10-14
_xFCE
_zP08
_0COMPRA
_o.STAFF. Colección Ciencias Empresariales
980 _81
_gALBERTO SANCHEZ Responsable de Automatización